Work in progress : (Record no. 51)
[ view plain ]
| 000 -LEADER | |
|---|---|
| fixed length control field | 00461nam a22001697a 4500 |
| 001 - CONTROL NUMBER | |
| control field | 4807467 |
| 005 - DATE AND TIME OF LATEST TRANSACTION | |
| control field | 20231122011822.0 |
| 008 - FIXED-LENGTH DATA ELEMENTS--GENERAL INFORMATION | |
| fixed length control field | 880607s1987 onca 000 0 eng |
| 020 ## - INTERNATIONAL STANDARD BOOK NUMBER | |
| ISBN | 0889611211 |
| 040 ## - CATALOGING SOURCE (பட்டியலாக்க மூலம்) | |
| Original cataloging agency | DLC |
| Transcribing agency | DLC |
| Modifying agency | DLC |
| 082 ## - DDC Classification | |
| DDC Edition Number | 22 |
| Class No. | 305.401 |
| 245 00 - TITLE STATEMENT | |
| Title | Work in progress : |
| Remainder of title | building feminist culture / |
| Statement of responsibility, etc. | edited by Rhea Tregebov. |
| 260 ## - PUBLICATION, DISTRIBUTION, ETC. | |
| Place of publication, distribution, etc. | Toronto, Ont. : |
| Name of publisher, distributor, etc. | Women's Press, |
| Date of publication, distribution, etc. | 1987. |
| 300 ## - PHYSICAL DESCRIPTION | |
| Extent (e.g. Volumes, Pages etc.) | 177 p. : |
| 700 1# - ADDED ENTRY--PERSONAL NAME | |
| Personal name | Tregebov, Rhea, |
| Relator term (Role) | Editor |
| 942 ## - Koha item type (Biblio) | |
| Koha item type | Books in Stacks (Lending) |
| Lost status | Damaged status | Collection code | Home library | Current library | Date acquired | Full call number | Accession Number | Item type |
|---|---|---|---|---|---|---|---|---|
| Lending | WERC Library | WERC Library | 11/22/2023 | 305.401 | 2013 | Books in Stacks (Lending) |
